| 000 | 00623nam a2200205 u 4500 | ||
|---|---|---|---|
| 005 | 20210223131607.0 | ||
| 008 | 110922s2007 mx r 000 0 spa d | ||
| 020 | _a9789707708204 | ||
| 035 | _aUPN01000181904 | ||
| 049 | _aCG | ||
| 050 | 4 |
_aPQ7442 S3.5 _bA4.2 |
|
| 100 | 1 |
_aSantiago, Esmeralda, _d1948- _931650 |
|
| 245 | 1 | 3 |
_aEl amante turco / _cEsmeralda Santiago ; tr. Nina Torres-Vidal. |
| 260 |
_aMéxico : _bSantillana, _c2007. |
||
| 300 | _a424 p. | ||
| 534 |
_pTítulo original: _tThe turkish lover |
||
| 650 | 4 |
_aNOVELA PUERTORRIQUEÑA _919655 |
|
| 650 | 4 |
_aLITERATURA PUERTORRIQUEÑA _913064 |
|
| 905 | _aLibro | ||
| 999 |
_c154007 _d154007 |
||